|
|
|
|
| LEADER |
00000nam0a2200000 4500 |
| 001 |
31676 |
| 005 |
20231030204545.0 |
| 010 |
|
|
|a 5339006360
|
| 035 |
|
|
|a (RuTPU)RU\TPU\book\31967
|
| 035 |
|
|
|a BOOK00000046
|
| 090 |
|
|
|a 31676
|
| 100 |
|
|
|a 20011210d1991 m y0rusy50 ca
|
| 101 |
0 |
|
|a eng
|a rus
|
| 102 |
|
|
|a BY
|
| 105 |
|
|
|a a j 000|y
|
| 200 |
1 |
|
|a Учебник английского языка
|e В 2-х частях
|f Н. А. Бонк, Г. А. Котий, Н. А. Лукьянова
|h Ч. 1
|
| 210 |
|
|
|a Минск
|c Вышэйшая школа
|d 1991
|
| 215 |
|
|
|a 639 с.
|c ил.
|
| 610 |
1 |
|
|a английский язык
|
| 610 |
1 |
|
|a лексика
|
| 610 |
1 |
|
|a фонетика
|
| 610 |
1 |
|
|a грамматика
|
| 610 |
1 |
|
|a морфология
|
| 610 |
1 |
|
|a учебные пособия
|
| 686 |
|
|
|a Ш143.21-923
|v LBC/SL-A
|2 rubbk
|
| 700 |
|
1 |
|a Бонк
|b Н. А.
|g Наталья Александровна
|
| 701 |
|
1 |
|a Котий
|b Г. А.
|g Галина Акимовна
|
| 701 |
|
1 |
|a Лукьянова
|b Н. А.
|g Наталья Анатольевна
|
| 801 |
|
0 |
|a BY
|b 63413507
|c 20011210
|g PSBO
|
| 801 |
|
2 |
|a RU
|b 63413507
|c 20170529
|g PSBO
|
| 942 |
|
|
|c BK
|